| 000 | 01288cab a2200217 4500 | ||
|---|---|---|---|
| 001 | ##L134582 | ||
| 008 | 060817n2006 000 0 eng u | ||
| 035 | _a(Sirsi) u134582 | ||
| 041 | 0 | _aeng | |
| 100 | 1 | _aCrosby, Neil | |
| 245 | 0 | 0 | _aFlexible property leasing and the small business tenant |
| 260 | _c2006 | ||
| 490 | 0 |
_aJournal of Property Research _v23(2) June 2006, 163-188(26) |
|
| 520 | _aAddresses issues of flexible leasing specific to small business tenants. Analyses lease data from IPD and a questionnaire survey of tenants. Examines the negotiation process, outcomes and trends stemming from that process. Finds there are major differences between small business leases and those for medium and larger sized companies, and a significant number of very small tenants take no commercial advice when negotiating leases. Concludes that, if voluntary mechanisms cannot improve information flows to micro businesses, this issue may be the catalyst for legislation on all business leases. [Taken from journal abstract]. | ||
| 590 | _aIKA220806 | ||
| 651 | 4 |
_aUnited Kingdom _y |
|
| 690 | _aPROPERTY-COMMERCIAL PROPERTY-LEASEHOLD COMMERCIAL PROPERTY-COMMERCIAL LANDLORD AND TENANT-BUSINESS TENANCIES | ||
| 700 | 1 | _aHughes, Cathy | |
| 700 | 1 | _aMurdoch, Sandi | |
| 942 | _n0 | ||
| 999 |
_c77577 _d77577 |
||